Wicked: Guess the song by lyrics (Hard) - Statistics

General Stats
  • This quiz has been taken 101 times
  • The average score is 11 of 21
Answer Stats
Hint Answer % Correct
“It comes at much too high a cost” Defying Gravity
84%
“And none of it seems to matter anymore” For Good
77%
“My head is reeling” What Is This Feeling
76%
“So be it then / Let all Oz be agreed” No Good Deed
71%
“Oh, you really don't have to do that” Popular
71%
“No one thinks you're strange” The Wizard and I
65%
“And so, it couldn't have been easy” No One Mourns the Wicked
63%
“Together, we'll be the greatest team there's ever been, Elphie” Wonderful
58%
“You'll be happy to be there” Dancing Through Life
57%
“And I'm not thе only one / Tell them what she did to you” March of the Witch Hunters
46%
“And though I may know / I don't care” As Long as You're Mine
44%
“When reality sets back in” I'm Not That Girl
44%
“You go their way or go / It's them we'll be defeating” No Place Like Home
42%
“And I've got to go appeal to her / Express the way I feel to her” The Wicked Witch of the East
42%
“I hear some rebel animals are giving her food and shelter” Thank Goodness / I Couldn’t Be Happier
41%
“I-I mean, I did know her” Dear Old Shiz
39%
“That's why we have a Wizard” Something Bad
39%
“It's hard to unsee what you've seen” The Girl in the Bubble
35%
“Ooh, isn't he wonderful?” One Short Day
34%
“Well, that's what I love best” A Sentimental Man
32%
“We feel merry, we feel cheery / Just to gaze on your reflection” Every Day More Wicked
28%
No matching quizzes found
Score Distribution
Percent of People with Each Score
Percentile by Number Answered
Your Score History
You have not taken this quiz